Statistics for Every South American Leader By Picture

Click here to take the quiz!

General Stats

  • This quiz has been taken 33 times
    (9 since last reset)
  • The average score is 7 of 12

Answer Stats

Answer% Correct
Javier Milei
100%
Luiz Inácio Lula da Silva
100%
Nicolás Maduro
100%
Gabriel Boric
88%
Gustavo Petro
63%
Luis Lacalle Pou
63%
Daniel Noboa
50%
Luis Arce
50%
Chan Santokhi
38%
Dina Boluarte
38%
Irfaan Ali
38%
Mario Abdo Benítez
13%

Score Distribution

Percentile by Number Answered

Percent of People with Each Score

Your Score History

You have not taken this quiz since the last reset